Business minds: las mejores mentes empresariales en directo

में बचाया:
ग्रंथसूची विवरण
मुख्य लेखकों: Brown, Tom (लेखक), Crainer, Stuart (लेखक), Dearlove, Des (लेखक), Rodrigues, Jorge N (लेखक)
स्वरूप: पुस्तक
भाषा:स्पेनिश
प्रकाशित: Madrid Pearson Educación 2002
विषय:
टैग: टैग जोड़ें
कोई टैग नहीं, इस रिकॉर्ड को टैग करने वाले पहले व्यक्ति बनें!

MARC

LEADER 00000nam a2200000 a 4500
001 UCK9938
003 CL-VaPUC
008 060609e20020000SP |||||||||||||||||spa|d
020 |a 8420537306 
082 0 4 |a 658.4  |b BRO  |2 21 
100 0 |a Brown, Tom  |e author  |9 499857 
700 0 |a Crainer, Stuart  |e author  |9 499858 
700 0 |a Dearlove, Des  |e author  |9 499859 
700 0 |a Rodrigues, Jorge N  |e author  |9 499860 
245 1 0 |a Business minds: las mejores mentes empresariales en directo 
300 |a 323 p 
942 |c BK 
945 |d 20060609 00:00:00  |a jtorresc 
260 |a Madrid  |b Pearson Educación  |c 2002 
650 0 |a Liderazgo  |9 271835 
650 0 |a Inteligencia  |9 267038 
650 0 |a Administración de empresas   |9 260833 
650 0 |a Economía   |9 255568 
583 |a last modification  |c 20060609 00:00:00  |k Rodrigo Vera 
999 |c 316936  |d 316934 
952 |0 0  |1 0  |4 0  |6 658_400000000000000_BRO_2002  |7 0  |8 A  |9 392562  |a BIBENE  |b BIBENE  |d 2019-11-22  |i 4241363  |o 658.4 BRO 2002  |p 4241363  |r 2025-01-15  |w 2019-11-22  |y BK  |k ICO